| 000 | 00327nam a22001337a 4500 | ||
|---|---|---|---|
| 020 | _qPB. | ||
| 040 | _cFIZZA ISHAQ | ||
| 082 |
_a721.04471 _bUTP |
||
| 100 |
_aGHOSH,K.UTPAL. _991694 |
||
| 245 |
_aDESIGN OF WELDED STEEL STRUCTURES / _cUTPAL K. GHOSH. |
||
| 260 |
_aCRC PRESS ; _c2016. |
||
| 300 | _a244 P. ; | ||
| 942 |
_2ddc _cBK |
||
| 999 |
_c589852 _d589852 |
||